The image of man : the creation of modern masculinity

Αποθηκεύτηκε σε:
Λεπτομέρειες βιβλιογραφικής εγγραφής
Κύριος συγγραφέας: Mosse, George L. (George Lachmann) 1918-
Μορφή: Βιβλίο
Γλώσσα:English
Δημοσίευση: New York : Oxford University Press, c1996.
Σειρά:Studies in the history of sexuality
Θέματα:
Ετικέτες: Προσθήκη ετικέτας
Δεν υπάρχουν, Καταχωρήστε ετικέτα πρώτοι!

MARC

LEADER 00000nam a2200000 i 4500
001 1/103466
008 000301s1996####us ||| | eng||
020 |a 0195126602 
035 |l 10058478 
040 |a GR-MY-UA  |b gre  |e aacr 
041 0 |a eng 
082 0 |a 305.31  
100 1 |a Mosse, George L.  |q (George Lachmann)  |d 1918- 
245 1 4 |a The image of man :   |b the creation of modern masculinity /   |c George L. Mosse.  
260 |a New York :   |b Oxford University Press,   |c c1996.  
300 |a 232 σ. :   |b εικ. ;   |c 22 εκ.  
490 1 |a (Studies in the history of sexuality) 
504 |a Περιλαμβάνει ευρετήριο.  
650 0 0 |a Masculinity. 
650 0 0 |a Stereotype (Psychology) 
650 0 0 |a Men  |x Psychology. 
650 0 0 |a Men  |x Sexual behavior. 
830 0 |a Studies in the history of sexuality 
852 |a INST  |b LESVOS  |e 20000301  |h 305.31 MOS  |p 005100023894  |q 005100023894  |t BK  |y 0 
901 |a BIBL1-2000-1 
909 |a Λ  |b 074146 
922 |a 1ΕΛΗ  |b 200001  |c ΚΠΣ/ΤΚΑ  |d GLORY 
950 |a 117-1999-12-15 
970 |a ΜΟΥΣΤΑΚΑ  |b ΠΗΝΕΛΟΠΗ  |z 2000/03/02